Greenhill's surgical gynecology. (Record no. 3315)
[ view plain ]
| 000 -LEADER | |
|---|---|
| fixed length control field | 01195cam a2200361 a 4500 |
| 001 - CONTROL NUMBER | |
| control field | 1443844 |
| 003 - CONTROL NUMBER IDENTIFIER | |
| control field | Ke-BoTe |
| 005 - DATE AND TIME OF LATEST TRANSACTION | |
| control field | 20220526141458.0 |
| 008 - FIXED-LENGTH DATA ELEMENTS--GENERAL INFORMATION | |
| fixed length control field | 851213s1986 ilua 001 0 eng c |
| 010 ## - LIBRARY OF CONGRESS CONTROL NUMBER | |
| LC control number | 85029624 |
| 020 ## - INTERNATIONAL STANDARD BOOK NUMBER | |
| International Standard Book Number | 0815118635 |
| 040 ## - CATALOGING SOURCE | |
| Original cataloging agency | DNLM/DLC |
| Transcribing agency | DLC |
| Modifying agency | DLC |
| 050 10 - LIBRARY OF CONGRESS CALL NUMBER | |
| Classification number | RG104 |
| Item number | .G7 1986 |
| 060 ## - NATIONAL LIBRARY OF MEDICINE CALL NUMBER | |
| Classification number | WP 660 G813s |
| 082 00 - DEWEY DECIMAL CLASSIFICATION NUMBER | |
| Classification number | 618.1/45 |
| Edition number | 19 |
| 100 1# - MAIN ENTRY--PERSONAL NAME | |
| Personal name | Greenhill, J. P. |
| Fuller form of name | (Jacob Pearl), |
| Dates associated with a name | 1895- |
| 9 (RLIN) | 6804 |
| 240 10 - UNIFORM TITLE | |
| Uniform title | Surgical gynecology |
| 245 10 - TITLE STATEMENT | |
| Title | Greenhill's surgical gynecology. |
| 250 ## - EDITION STATEMENT | |
| Edition statement | 5th ed. / |
| Remainder of edition statement | Stephen L. Corson, Thomas V. Sedlacek, Jerome J. Hoffman. |
| 260 ## - PUBLICATION, DISTRIBUTION, ETC. | |
| Place of publication, distribution, etc. | Chicago : |
| Name of publisher, distributor, etc. | Year Book Medical Publishers ; |
| Date of publication, distribution, etc. | c1986. |
| 300 ## - PHYSICAL DESCRIPTION | |
| Extent | viii, 376 p . : |
| Other physical details | ill . ; |
| Dimensions | 26 cm. |
| 500 ## - GENERAL NOTE | |
| General note | Fifth ed. of: Surgical gynecology. 4th ed. 1969. |
| 500 ## - GENERAL NOTE | |
| General note | Includes index. |
| 650 #0 - SUBJECT ADDED ENTRY--TOPICAL TERM | |
| Topical term or geographic name entry element | Generative organs, Female |
| General subdivision | Surgery. |
| 9 (RLIN) | 7001 |
| 650 #2 - SUBJECT ADDED ENTRY--TOPICAL TERM | |
| Topical term or geographic name entry element | Genitalia, Female |
| General subdivision | surgery. |
| 9 (RLIN) | 7002 |
| 650 #2 - SUBJECT ADDED ENTRY--TOPICAL TERM | |
| Topical term or geographic name entry element | Obstetrics. |
| 9 (RLIN) | 6750 |
| 700 1# - ADDED ENTRY--PERSONAL NAME | |
| Personal name | Corson, Stephen L., |
| Dates associated with a name | 1938- |
| 9 (RLIN) | 7003 |
| 700 1# - ADDED ENTRY--PERSONAL NAME | |
| Personal name | Sedlacek, Thomas V. |
| 9 (RLIN) | 7004 |
| 700 1# - ADDED ENTRY--PERSONAL NAME | |
| Personal name | Hoffman, Jerome J. |
| 9 (RLIN) | 7005 |
| 740 0# - ADDED ENTRY--UNCONTROLLED RELATED/ANALYTICAL TITLE | |
| Uncontrolled related/analytical title | Surgical gynecology. |
| 906 ## - LOCAL DATA ELEMENT F, LDF (RLIN) | |
| a | 7 |
| b | cbc |
| c | orignew |
| d | 1 |
| e | ocip |
| f | 19 |
| g | y-gencatlg |
| 942 ## - ADDED ENTRY ELEMENTS (KOHA) | |
| Source of classification or shelving scheme | Library of Congress Classification |
| Koha item type | Books |
| Suppress in OPAC | No |
| Withdrawn status | Lost status | Source of classification or shelving scheme | Damaged status | Not for loan | Collection code | Home library | Current library | Shelving location | Date acquired | Total Checkouts | Full call number | Barcode | Date last seen | Price effective from | Koha item type |
|---|---|---|---|---|---|---|---|---|---|---|---|---|---|---|---|
| Library of Congress Classification | Non-fiction | SCHOOL OF HEALTH SCIENCES | SCHOOL OF HEALTH SCIENCES | General Stacks | 26.05.2022 | RG104.G7 1986 | 00003506 | 26.05.2022 | 26.05.2022 | Books |
